Sports Quiz

Random Sports or Football Quiz

Playoff teams Quiz Stats

 Plays Quiz not verified by Sporcle

Also try: UEFA Euro Champs
Challenge
Share
Tweet
Embed
Score 0/12 Timer 02:00
0 Plays Today
Football Team % Correct
Ravens
95%
Patriots
95%
Colts
95%
Bengals
95%
Lions
95%
Steelers
90%
Broncos
90%
Cowboys
90%
Panthers
90%
Seahawks
90%
Cardinals
90%
Packers
85%

You're not logged in!

Compare scores with friends on all Sporcle quizzes.
OR
Log In

You Might Also Like...

Show Comments

Extras

Created Jan 3, 2015ReportNominate
Tags:Football Quiz, playoff, team

Top Quizzes Today


Score Distribution

Your Account Isn't Verified!

In order to create a playlist on Sporcle, you need to verify the email address you used during registration. Go to your Sporcle Settings to finish the process.

Report this User

Report this user for behavior that violates our Community Guidelines.

Details: